<?xml version="1.0" encoding="UTF-8"?>
<record
    xmlns:xsi="http://www.w3.org/2001/XMLSchema-instance"
    xsi:schemaLocation="http://www.loc.gov/MARC21/slim http://www.loc.gov/standards/marcxml/schema/MARC21slim.xsd"
    xmlns="http://www.loc.gov/MARC21/slim">

  <leader>03896    a2200217   4500</leader>
  <controlfield tag="001">27500</controlfield>
  <controlfield tag="005">20260407155550.0</controlfield>
  <controlfield tag="008">260407a2009    arg                 spa d</controlfield>
  <controlfield tag="003">AR-UNSa-BCEJYS</controlfield>
  <datafield tag="040" ind1=" " ind2=" ">
    <subfield code="a">AR-UNSa-BCEJYS</subfield>
    <subfield code="b">spa</subfield>
    <subfield code="c">AR-UNSa-BCEJYS</subfield>
  </datafield>
  <datafield tag="080" ind1=" " ind2=" ">
    <subfield code="a">347.7</subfield>
    <subfield code="x">Derecho Mercantil. Derecho Comercial</subfield>
  </datafield>
  <datafield tag="245" ind1="1" ind2="0">
    <subfield code="a">Tratado de la empresa</subfield>
  </datafield>
  <datafield tag="020" ind1=" " ind2=" ">
    <subfield code="a">978-950-20-2002-0</subfield>
  </datafield>
  <datafield tag="264" ind1=" " ind2="1">
    <subfield code="a">Buenos Aires :</subfield>
    <subfield code="b">Abeledo Perrot</subfield>
    <subfield code="c">2009</subfield>
  </datafield>
  <datafield tag="300" ind1=" " ind2=" ">
    <subfield code="a">3 v.</subfield>
    <subfield code="c">24 cm.</subfield>
  </datafield>
  <datafield tag="505" ind1=" " ind2=" ">
    <subfield code="a">Vol. I: 1. La conservaci&#xF3;n de la empresa como centro principal del derecho concursal moderno (evoluci&#xF3;n, panorama actual y cuestiones modernas) - 2. El marco jur&#xED;dico de la empresa - 3. Empresa y justicia distributiva - 4. Las empresas p&#xFA;blicas y el r&#xE9;gimen de sus actos y contratos - 5. Los empresarios frente a la estrategia de desarrollo econ&#xF3;mico de la Argentina - 6. Las empresas de la econom&#xED;a social - 7. El rol del estado en la econom&#xED;a y la libertad de empresa en la Constituci&#xF3;n Nacional - 8. La empresa en el marco del desarrollo sostenible - 9. La empresa en el derecho del trabajo - 10. Empresa de familia - 11. El modelo constructivista de autorresponsabilidad penal empresaria - 12. La empresa: contaminaci&#xF3;n en el mar por hidrocarburos y las convenciones internacionales - 13. Empresa controlante - 14. Joint Venture y empresa - 15. La empresa y la responsabilidad civil - 16. Empresa, sociedad y falencia - 17. Empresa bancaria - 18. La empresa agrar&#xED;a - 19. Empresa y competencia en el Mercosur - 20. Empresa y doctrina social de la Iglesia - 21. Empresa y sociedad - 22. Empresa y contabilidad - 23. La influencia de los cursos causales hipot&#xE9;ticos en la responsabilidad civil y penal - 24. Empresa, publicidad y consumidor - 25. La intervenci&#xF3;n del estado en la actividad privada - 26. La empresa en la terminolog&#xED;a  de la Constituci&#xF3;n Nacional: una singularidad -- Vol. II/A: 1. El empresario privado frente al estado - 2. La responsabilidad tributaria de los directores de sociedades - 3. La empresa de transporte terrestre - 4. La empresa y el inter&#xE9;s social - 5. La empresa y los estados contables - 6. Un enfoque operativo, econ&#xF3;mico y jur&#xED;dico de la log&#xED;stica empresaria - 7. La empresa m&#xE9;dica, estructura y responsabilidad - 8. La empresa y el manejo del riesgo de origen contractual y extracontractual en su contrataci&#xF3;n de larga duraci&#xF3;n - 9. La concepci&#xF3;n de la empresa en el an&#xE1;lisis econ&#xF3;mico del derecho contempor&#xE1;neo - 10. El nuevo empresario de transporte: el freight forwarder - 11. La empresa de transporte frente a las reglas de Rotterdam - 12. Empresa y filosof&#xED;a - 13. La empresa: evoluci&#xF3;n y perspectivas de una revisi&#xF3;n del concepto jur&#xED;dico de la empresa seg&#xFA;n el modelo italiano codificado - 14. Empresa grupal - 15. Empresas culturales y la propiedad intelectual - 16. Aspectos de la teor&#xED;a general del derecho y actividad - 17. Empresa deportiva - 18. La empresa minera y los recursos naturales en una perspectiva de derecho internacional y de desarrollo sustentable - 19. El estado como empresario -- Vol. II/B: 20. El rol de la empresa en la seguridad social - 21. Los valores intangibles de la empresa - 22. La empresa a la b&#xFA;squeda de una necesario equilibrio - 23. Empresa y econom&#xED;a (la unidad de negocio, la empresa, la planificaci&#xF3;n, la actividad, la organizaci&#xF3;n y su persistencia) - 24. La empresa period&#xED;stica: los alcances de la responsabilidad civil y penal derivada del ejercicio del periodismo) - 25. La empresa minera - 26. La empresa en la concepci&#xF3;n moderna de los contratos - 27. Empresas de seguro - 28. Ejercicio profesional y tipolog&#xED;a de empresa: las sociedades profesionales - 29. La empresa period&#xED;stica</subfield>
  </datafield>
  <datafield tag="942" ind1=" " ind2=" ">
    <subfield code="c">BK</subfield>
  </datafield>
  <datafield tag="590" ind1=" " ind2=" ">
    <subfield code="a">niveau_biblio:m niveau_hierar:0</subfield>
  </datafield>
  <datafield tag="100" ind1="1" ind2=" ">
    <subfield code="a">Piaggi, Ana I.</subfield>
  </datafield>
  <datafield tag="856" ind1="4" ind2="1">
    <subfield code="u">https://biblioeco.unsa.edu.ar/pmb/images/libros/Tratado de la Empresa.jpg</subfield>
    <subfield code="y">Imagen de portada</subfield>
    <subfield code="q">image/jpeg</subfield>
  </datafield>
  <datafield tag="999" ind1=" " ind2=" ">
    <subfield code="c">1599</subfield>
    <subfield code="d">1599</subfield>
  </datafield>
  <datafield tag="952" ind1=" " ind2=" ">
    <subfield code="0">0</subfield>
    <subfield code="1">0</subfield>
    <subfield code="4">0</subfield>
    <subfield code="7">0</subfield>
    <subfield code="a">BCEJYS</subfield>
    <subfield code="b">BCEJYS</subfield>
    <subfield code="c">16</subfield>
    <subfield code="d">2026-04-07</subfield>
    <subfield code="l">0</subfield>
    <subfield code="o">347.7 P579 v.1</subfield>
    <subfield code="p">L119955</subfield>
    <subfield code="r">2026-04-07 15:55:50</subfield>
    <subfield code="w">2026-04-07</subfield>
    <subfield code="y">L</subfield>
  </datafield>
  <datafield tag="952" ind1=" " ind2=" ">
    <subfield code="0">0</subfield>
    <subfield code="1">0</subfield>
    <subfield code="4">0</subfield>
    <subfield code="7">0</subfield>
    <subfield code="a">BCEJYS</subfield>
    <subfield code="b">BCEJYS</subfield>
    <subfield code="c">16</subfield>
    <subfield code="d">2026-04-07</subfield>
    <subfield code="l">0</subfield>
    <subfield code="o">347.7 P579 v.1</subfield>
    <subfield code="p">L119956</subfield>
    <subfield code="r">2026-04-07 15:55:50</subfield>
    <subfield code="w">2026-04-07</subfield>
    <subfield code="y">L</subfield>
  </datafield>
  <datafield tag="952" ind1=" " ind2=" ">
    <subfield code="0">0</subfield>
    <subfield code="1">0</subfield>
    <subfield code="4">0</subfield>
    <subfield code="7">0</subfield>
    <subfield code="a">BCEJYS</subfield>
    <subfield code="b">BCEJYS</subfield>
    <subfield code="c">16</subfield>
    <subfield code="d">2026-04-07</subfield>
    <subfield code="l">0</subfield>
    <subfield code="o">347.7 P579 v.2/A</subfield>
    <subfield code="p">L119957</subfield>
    <subfield code="r">2026-04-07 15:55:50</subfield>
    <subfield code="w">2026-04-07</subfield>
    <subfield code="y">L</subfield>
  </datafield>
  <datafield tag="952" ind1=" " ind2=" ">
    <subfield code="0">0</subfield>
    <subfield code="1">0</subfield>
    <subfield code="4">0</subfield>
    <subfield code="7">0</subfield>
    <subfield code="a">BCEJYS</subfield>
    <subfield code="b">BCEJYS</subfield>
    <subfield code="c">16</subfield>
    <subfield code="d">2026-04-07</subfield>
    <subfield code="l">0</subfield>
    <subfield code="o">347.7 P579 v.2/A</subfield>
    <subfield code="p">L119958</subfield>
    <subfield code="r">2026-04-07 15:55:50</subfield>
    <subfield code="w">2026-04-07</subfield>
    <subfield code="y">L</subfield>
  </datafield>
  <datafield tag="952" ind1=" " ind2=" ">
    <subfield code="0">0</subfield>
    <subfield code="1">0</subfield>
    <subfield code="4">0</subfield>
    <subfield code="7">0</subfield>
    <subfield code="a">BCEJYS</subfield>
    <subfield code="b">BCEJYS</subfield>
    <subfield code="c">16</subfield>
    <subfield code="d">2026-04-07</subfield>
    <subfield code="l">0</subfield>
    <subfield code="o">347.7 P579 v.2/B</subfield>
    <subfield code="p">L119959</subfield>
    <subfield code="r">2026-04-07 15:55:50</subfield>
    <subfield code="w">2026-04-07</subfield>
    <subfield code="y">L</subfield>
  </datafield>
  <datafield tag="952" ind1=" " ind2=" ">
    <subfield code="0">0</subfield>
    <subfield code="1">0</subfield>
    <subfield code="4">0</subfield>
    <subfield code="7">0</subfield>
    <subfield code="a">BCEJYS</subfield>
    <subfield code="b">BCEJYS</subfield>
    <subfield code="c">16</subfield>
    <subfield code="d">2026-04-07</subfield>
    <subfield code="l">0</subfield>
    <subfield code="o">347.7 P579 v.2/B</subfield>
    <subfield code="p">L119960</subfield>
    <subfield code="r">2026-04-07 15:55:50</subfield>
    <subfield code="w">2026-04-07</subfield>
    <subfield code="y">L</subfield>
  </datafield>
</record>
